Devine le Fast-Food - Statistiques

Statistiques générales
  • Ce quiz a été pris 1 337 fois
  • Le résultat moyen est 8 sur 15
Statistiques - réponses
Par images Réponse % Correct
KFC
98%
Domino's
93%
Mcdonald's
93%
starbucks
91%
Quick
90%
Pizza Hut
77%
subway
76%
Taco Bell
50%
Wendy's
43%
Dunckin Donuts
37%
Chick-fil-a
11%
Popeyes
9%
Dairy Queen
8%
Krispy Kream
7%
Whataburger
2%
Aucun quiz correspondant
Distribution des résultats
% des personnes avec chaque résultat
Percentile par nombre de réponses
Votre historique - résultats
Vous n’avez pas pris ce quiz